000 00958nam a2200265 a 4500
005 20241031063739.0
008 030401s2002 mx r 000 0 spa d
020 _a9701030702
035 _aUPN01000123536
049 _aCG
050 4 _aBF76.5
_bK4.38 2002
100 1 _aKerlinger, Frederick Nichols,
_dn. 1910
_928825
245 1 0 _aInvestigación del comportamiento /
_cFred N. Kerlinger, Howard B. Lee ; tr. Leticia Esther Pineda Ayala.
250 _a4a ed.
260 _aMéxico :
_bMcGraw-Hill,
_c2002.
300 _axxix, 810, [50] p.
590 _a(También localizas un ejemplar en el "Area de Reserva")
590 _aBibliografía Básica (BGTQ)
534 _pTraducción de :
_tFoundations of behavioral research
650 4 _aPsicología
_xInvestigación
_xMetodología
_913362
650 4 _aPSICOLOGIA -
_xMETODOS ESTADISTICOS
_96558
650 4 _aSociología
_xInvestigación
_97968
700 1 _aLee, Howard B.,
_ecoaut.
905 _aLibro
999 _c95716
_d95716